[Event "1st Bugojno it"]
[Site "Bugojno YUG"]
[Date "1978.02.28"]
[Round "3"]
[White "Spassky, Boris"]
[Black "Hort, Vlastimil"]
[Result "1-0"]
[WhiteElo "2630"]
[BlackElo "2620"]
[EventDate "1978.02.26"]
[PlyCount "81"]

1.e4 c5 2.Nc3 Nc6 3.g3 g6 4.Bg2 Bg7 5.d3 d6 6.f4 e5 7.Nh3 Nge7 8.O-O Nd4 
9.f5 gxf5 10.Qh5 h6 11.Rf2 Be6 12.Be3 Qd7 13.Raf1 O-O-O 14.Nd5 fxe4 15.
Nxe7+ Qxe7 16.Bxd4 cxd4 17.Rxf7 Qe8 18.Bxe4 Rf8 19.Bf5 Qxf7 20.Qxf7 Rxf7 
21.Bxe6+ Rfd7 22.Rf7 Kc7 23.Bxd7 Rxd7 24.Rxd7+ Kxd7 25.Kg2 Ke6 26.Kf3 d5 
27.Kg4 Kf6 28.Kh5 Bf8 29.Ng1 b5 30.Ne2 a5 31.g4 a4 32.h4 b4 33.b3 a3 34.
Ng3 e4 35.g5+ hxg5 36.hxg5+ Ke5 37.Kg4 Bg7 38.Nh5 Bf8 39.g6 e3 40.Kf3 Kf5 
41.g7 1-0

[Event "1st Bugojno it"]
[Site "Bugojno YUG"]
[Date "1978.03.01"]
[Round "4"]
[White "Portisch, Lajos"]
[Black "Huebner, Robert"]
[Result "0-1"]
[WhiteElo "2630"]
[BlackElo "2595"]
[EventDate "1978.02.26"]
[PlyCount "78"]

1.d4 Nf6 2.c4 e6 3.Nc3 Bb4 4.e3 b6 5.Ne2 Ba6 6.a3 Bxc3+ 7.Nxc3 d5 8.b4 O-O
9.b5 Bb7 10.cxd5 Nxd5 11.Nxd5 Qxd5 12.f3 a6 13.Bd3 f5 14.a4 axb5 15.Ba3 b4
16.Bxb4 Rf7 17.Rc1 Ba6 18.Bc2 Nc6 19.Bb3 Qd7 20.Bc3 Ne7 21.Kf2 Nd5 22.Bd2 
Qd6 23.Qc2 Bb7 24.Qc4 Rf6 25.g3 h5 26.Rhd1 h4 27.Rg1 Raf8 28.a5 Rh6 29.
axb6 cxb6 30.Ra1 Kh7 31.Ra7 Qb8 32.Raa1 Nf6 33.Bd1 Bd5 34.Qc2 hxg3+ 35.
hxg3 Rh3 36.Rc1 Rf7 37.Be2 Ne4+ 38.fxe4 fxe4+ 39.Ke1 Qxg3+ 0-1

[Event "1st Bugojno it"]
[Site "Bugojno YUG"]
[Date "1978.03.13"]
[Round "13"]
[White "Spassky, Boris"]
[Black "Huebner, Robert"]
[Result "1/2-1/2"]
[WhiteElo "2630"]
[BlackElo "2595"]
[EventDate "1978.02.26"]
[PlyCount "39"]

1.e4 c5 2.Nf3 e6 3.d4 cxd4 4.Nxd4 a6 5.Bd3 Nf6 6.O-O d6 7.c4 g6 8.b3 Bg7 
9.Bb2 O-O 10.Nc3 b6 11.Qe2 Bb7 12.Rad1 Qc7 13.Bb1 Nbd7 14.Rfe1 Rac8 15.f3 
Rfe8 16.Qf2 Qb8 17.Bd3 Nh5 18.Bf1 Ba8 19.g3 Nhf6 20.Rd2 1/2-1/2

[Event "1st Bugojno it"]
[Site "Bugojno YUG"]
[Date "1978.03.16"]
[Round "15"]
[White "Spassky, Boris"]
[Black "Miles, Anthony John"]
[Result "1-0"]
[WhiteElo "2630"]
[BlackElo "2565"]
[EventDate "1978.02.26"]
[PlyCount "65"]

1.e4 c5 2.Nf3 d6 3.d4 cxd4 4.Nxd4 Nf6 5.Nc3 g6 6.Be2 Bg7 7.Be3 O-O 8.O-O 
Nc6 9.Nb3 Be6 10.f4 b5 11.f5 b4 12.fxe6 bxc3 13.exf7+ Kh8 14.bxc3 Ne5 15.
Bd4 Nxe4 16.Bf3 Nxf3+ 17.Qxf3 Nf6 18.Rad1 Qc8 19.Bxf6 Bxf6 20.Rxd6 Rxf7 
21.Rc6 Qe8 22.Qe4 Rd8 23.g3 Bg7 24.Qe6 Rxf1+ 25.Kxf1 Bf6 26.Nc5 Bxc3 27.
Ne4 Bd4 28.c3 Bb6 29.Ke2 Qd7 30.Qxd7 Rxd7 31.c4 Rd4 32.Ng5 h6 33.Rc8+ 1-0